Statystyki dla Lektury szkolne

Kliknij tutaj aby rozwiązać quiz!

Ogólne statystyki

  • Ten quiz został rozwiązany 131 razy
  • Średni wynik to 11 z 23

Statystyki odpowiedzi

TytułImię i nazwisko autora% Poprawnych
"Pan Tadeusz"Adam Mickiewicz
93%
"W pustyni i w puszczy"Henryk Sienkiewicz
87%
"Quo vadis"Henryk Sienkiewicz
84%
"Balladyna"Juliusz Słowacki
77%
"Lalka"Bolesław Prus
75%
"Kamienie na szaniec"Aleksander Kamiński
64%
"Zemsta"Aleksander Fredro
63%
"Opowieść wigilijna"Charles Dickens
62%
"Hamlet"William Szekspir
62%
"Latarnik"Henryk Sienkiewicz
59%
"Hobbit, czyli tam i z powrotem"John Ronal Reuel Tolkien
56%
"Mały Książe"Antoine de Saint Exupery
50%
"Chłopi"Władysław Reymont
50%
"Syzyfowe prace"Stefan Żeromski
45%
"Akademia pana Kleksa"Jan Brzechwa
43%
"Chłopcy z Placu Broni"Ferenc Molnar
26%
"W osiedziesiąt dni dookoła świata"Jules Verne
19%
"Ten obcy"Irena Jurgielewiczowa
18%
"Beniowski"Juliusz Słowacki
17%
"Bracia Lwie Serce"Astrid Lindgren
15%
"Pinokio"Carlo Collodi
15%
"Czarne Stopy"Seweryna Szmaglewska
8%
"Opowieści z Narnii. Lew,czarownica i stara szafa"Clive Staples Lewis
2%

Rozkład punktacji

Percentyl według liczby udzielonych odpowiedzi

Procent ludzi z każdym wynikiem

Twoja historia wyników

Nie rozwiązałeś tego quizu